Geometry Dash - Most Downloaded 2019 Levels - Statistics

General Stats
  • This quiz has been taken 10 times
  • The average score is 17 of 20
Answer Stats
Publisher Difficulty ID Answer Downloads % Correct
Knobbelboy Extreme Demon 58811846 Astral Divinity 6,200,000
100%
JonathanGD Extreme Demon 57433866 BuTiTi III 4,100,000
100%
MinAY Hard Demon 56899817 Fallen Angel 6,000,000
100%
ScorchVx Insane Demon 56568010 Magma Bound 3,700,000
100%
im fernando Medium Demon 58270823 Nantendo 20,700,000
100%
cerufiffy Easy Demon 56587109 phjork 9,900,000
100%
SpKale Easy Demon 56210242 Shiver 15,700,000
100%
Subwoofer Easy Demon 57871639 Submerged 5,900,000
100%
Unzor Harder 56199846 Sunshine 34,900,000
100%
Dorami Extreme Demon 54615662 The Yandere 6,300,000
100%
Michigun Insane Demon 55089784 Trip 4,400,000
100%
KrmaL Extreme Demon 58825144 xo 7,400,000
100%
jackaezie Insane 57436521 YOUVE BEEN TROLLED 23,200,000
100%
BIANOX Extreme Demon 52374843 Zodiac 7,800,000
100%
OvniFella Easy Demon 56764573 DeaDrop 4,300,000
50%
iIsane Easy Demon 56455318 Error 5,600,000
50%
Danzmen Easy Demon 55644969 God Yeeter 4,200,000
50%
iISpaceDustIi Easy 55037478 Serponge Look At Me 3,800,000
50%
SerpTop Easy Demon 57012656 Ship 3,700,000
50%
Dams778 Hard Demon 57789765 Euphoria 3,900,000
0%
No matching quizzes found
Score Distribution
Percent of People with Each Score
Percentile by Number Answered
Your Score History
You have not taken this quiz